| 000 | 00599na a2200205 4500 | ||
|---|---|---|---|
| 001 | 18374 | ||
| 003 | MIRAKIL | ||
| 005 | 20181213155034.0 | ||
| 008 | 161117b tu 000 0 | ||
| 040 |
_aMilas _btur _cTR-AnCHP |
||
| 041 | _atur | ||
| 082 |
_a347.561026 _bD32 2011 |
||
| 090 | _a347.561026 D32 2011 | ||
| 100 | _aDedeağaç, Ender | ||
| 245 |
_a6100 Sayılı Hukuk Muhakemeleri Kanununa göre görev ve yetki _cEnder Dedeağaç |
||
| 260 |
_aAnkara _bAnkara Barosu Yayınları _c2011 |
||
| 300 |
_a296 s. _c20 sm. |
||
| 650 |
_aMuhakeme hukuku _xKanunlar _zTürkiye |
||
| 942 |
_2ddc _cBKS |
||
| 999 |
_c5360 _d5360 |
||